000 00558pab a2200181 454500
008 180718b2001 xxu||||| |||| 00| 0 eng d
100 _aPanda, R.K.
245 _aA critical analysis of the working of the multipurpose agricultural cooperatives in Japan and lesson for India
260 _c2001
300 _ap.123-36
362 _aApr
650 _aAgricultural cooperatives - India
650 _aAgricultural cooperatives - Japan
650 _aAgricultural cooperatives
700 _aIzumida, Y.
773 _aAsian Economic Review
909 _a48542
999 _c48542
_d48542